Things that start with I by picture - Statistics

General Stats
  • This quiz has been taken 49 times
  • The average score is 9 of 12
Answer Stats
Picture Answer % Correct
Iceland
98%
Island
98%
IKEA
96%
Iron
96%
Instagram
93%
Iraq
93%
Infinity
87%
Indonesia
78%
Idea
64%
Ingot
44%
Inca empire
33%
Ivysaur
24%
No matching quizzes found
Score Distribution
Percent of People with Each Score
Percentile by Number Answered
Your Score History
You have not taken this quiz